|
|
|
|
| LEADER |
02064nam a2200589 4500 |
| 001 |
ocn894509614 |
| 003 |
OCoLC |
| 005 |
20170124071243.3 |
| 006 |
m o d |
| 007 |
cr cnu|||unuuu |
| 008 |
141105s2014 enk ob 001 0 eng d |
| 040 |
|
|
|a N$T
|b eng
|e rda
|e pn
|c N$T
|d EBLCP
|d N$T
|d DG1
|d OCLCF
|d DEBSZ
|d OCLCQ
|d DG1
|d GrThAP
|
| 020 |
|
|
|a 9781119054153
|q (electronic bk.)
|
| 020 |
|
|
|a 111905415X
|q (electronic bk.)
|
| 020 |
|
|
|a 9781119054139
|q (electronic bk.)
|
| 020 |
|
|
|a 1119054133
|q (electronic bk.)
|
| 020 |
|
|
|z 9781848217867
|
| 029 |
1 |
|
|a CHBIS
|b 010442197
|
| 029 |
1 |
|
|a CHVBK
|b 334095530
|
| 029 |
1 |
|
|a DEBSZ
|b 431817448
|
| 029 |
1 |
|
|a NZ1
|b 16077405
|
| 029 |
1 |
|
|a DEBSZ
|b 449461777
|
| 035 |
|
|
|a (OCoLC)894509614
|
| 050 |
|
4 |
|a QD455.2
|
| 050 |
|
4 |
|a QC145.2
|
| 072 |
|
7 |
|a SCI
|x 013050
|2 bisacsh
|
| 082 |
0 |
4 |
|a 541
|a 532
|2 23
|
| 049 |
|
|
|a MAIN
|
| 100 |
1 |
|
|a Prud'homme, Roger,
|e author.
|
| 245 |
1 |
0 |
|a Flows and chemical reactions under electromagnetic field /
|c Roger Prud'homme.
|
| 264 |
|
1 |
|a London :
|b John Wiley and Sons, Inc.,
|c 2014.
|
| 300 |
|
|
|a 1 online resource.
|
| 336 |
|
|
|a text
|b txt
|2 rdacontent
|
| 337 |
|
|
|a computer
|b c
|2 rdamedia
|
| 338 |
|
|
|a online resource
|b cr
|2 rdacarrier
|
| 490 |
1 |
|
|a Fluid mechanics series
|
| 504 |
|
|
|a Includes bibliographical references and index.
|
| 588 |
0 |
|
|a Online resource; title from PDF title page (EBSCO, viewed November 14, 2014).
|
| 650 |
|
0 |
|a Fluid mechanics.
|
| 650 |
|
0 |
|a Flow chemistry.
|
| 650 |
|
0 |
|a Chemical reactions.
|
| 650 |
|
0 |
|a Electromagnetic fields.
|
| 650 |
|
7 |
|a SCIENCE
|x Chemistry
|x Physical & Theoretical.
|2 bisacsh
|
| 650 |
|
7 |
|a Chemical reactions.
|2 fast
|0 (OCoLC)fst00853176
|
| 650 |
|
7 |
|a Electromagnetic fields.
|2 fast
|0 (OCoLC)fst00906523
|
| 650 |
|
7 |
|a Flow chemistry.
|2 fast
|0 (OCoLC)fst01909570
|
| 650 |
|
7 |
|a Fluid mechanics.
|2 fast
|0 (OCoLC)fst00927999
|
| 655 |
|
4 |
|a Electronic books.
|
| 655 |
|
0 |
|a Electronic books.
|
| 830 |
|
0 |
|a Fluid mechanics series.
|
| 856 |
4 |
0 |
|u https://doi.org/10.1002/9781119054153
|z Full Text via HEAL-Link
|
| 994 |
|
|
|a 92
|b DG1
|